[Event "MCR_KT01"]
[Site "?"]
[Date "2005.??.??"]
[Round "?"]
[White "Novak, Jindrich"]
[Black "Sindelar, Frantisek"]
[Result "0-1"]
[WhiteElo "1807"]
[BlackElo "1925"]
[PlyCount "38"]
[EventDate "2005.??.??"]
[EventType "corr"]
[EventRounds "2"]
[SourceDate "2005.03.12"]

1. c3 e5 2. e4 Nf6 3. d4 exd4 4. e5 Qe7 5. cxd4 d6 6. f4 dxe5 7. fxe5 c5 8. Nf3
cxd4 9. Qxd4 Nc6 10. Bb5 Bd7 11. Bxc6 Bxc6 12. Nc3 Bxf3 13. gxf3 Rd8 14. Qe3
Nd5 15. Nxd5 Rxd5 16. f4 Qb4+ 17. Kf1 Qc4+ 18. Kg2 Bc5 19. Qe1 Rd3 0-1

[Event "MCR_KT01"]
[Site "?"]
[Date "2005.??.??"]
[Round "?"]
[White "Martin, Petr"]
[Black "Novak, Jindrich"]
[Result "1-0"]
[WhiteElo "1721"]
[BlackElo "1807"]
[PlyCount "43"]
[EventDate "2005.??.??"]
[EventType "corr"]
[EventRounds "2"]
[SourceDate "2005.03.12"]

1. c4 d6 2. Nc3 Nf6 3. e4 g5 4. d4 g4 5. h3 Bg7 6. hxg4 Bxg4 7. f3 Bc8 8. Bd3
Nc6 9. Nge2 e5 10. d5 Ne7 11. Be3 Nfg8 12. Ng3 f5 13. exf5 Nf6 14. Nh5 Nxh5 15.
Rxh5 c6 16. Bg5 h6 17. Bh4 O-O 18. Qd2 Qc7 19. f6 Bxf6 20. Qxh6 Bg7 21. Qh7+
Kf7 22. Bxe7 1-0

[Event "MCR_KT01"]
[Site "?"]
[Date "2005.??.??"]
[Round "?"]
[White "Sindelar, Frantisek"]
[Black "Martin, Petr"]
[Result "1-0"]
[WhiteElo "1925"]
[BlackElo "1721"]
[PlyCount "57"]
[EventDate "2005.??.??"]
[EventType "corr"]
[EventRounds "2"]
[SourceDate "2005.03.12"]

1. c4 Nf6 2. d4 g6 3. Nc3 Bg7 4. e4 d6 5. Nf3 O-O 6. Be2 Nbd7 7. O-O e5 8. d5
Ne8 9. Re1 f5 10. exf5 gxf5 11. Bg5 Bf6 12. Bh6 Ng7 13. Qd2 Rf7 14. Ng5 Bxg5
15. Bxg5 Qf8 16. Nb5 Nf6 17. Bxf6 Rxf6 18. Nxc7 Rb8 19. Nb5 a6 20. Nc3 Qe7 21.
Bd3 Rg6 22. f4 e4 23. Nxe4 fxe4 24. Bxe4 Qf6 25. Bxg6 Qxg6 26. b4 Nf5 27. Qf2
h5 28. Qa7 Nh4 29. Re2 1-0

[Event "MCR_KT01"]
[Site "?"]
[Date "2005.??.??"]
[Round "?"]
[White "Kudr, Roman"]
[Black "Novak, Jindrich"]
[Result "1-0"]
[WhiteElo "1987"]
[BlackElo "1807"]
[PlyCount "33"]
[EventDate "2005.??.??"]
[EventType "corr"]
[EventRounds "2"]
[SourceDate "2005.03.12"]

1. e4 d6 2. d4 f5 3. Nc3 Nf6 4. Bd3 e5 5. dxe5 dxe5 6. exf5 Bb4 7. Bd2 O-O 8.
Nf3 Nc6 9. O-O Kh8 10. Re1 e4 11. Nxe4 Bxf5 12. Neg5 Bg4 13. Bxb4 Nxb4 14. Bc4
Nbd5 15. h3 Bf5 16. Re5 Nb6 17. Nf7+ 1-0

[Event "MCR_KT01"]
[Site "?"]
[Date "2005.??.??"]
[Round "?"]
[White "Martin, Petr"]
[Black "Sindelar, Frantisek"]
[Result "0-1"]
[WhiteElo "1721"]
[BlackElo "1925"]
[PlyCount "50"]
[EventDate "2005.??.??"]
[EventType "corr"]
[EventRounds "2"]
[SourceDate "2005.03.12"]

1. c4 g6 2. Nc3 c5 3. Nf3 Bg7 4. e3 Nf6 5. d4 O-O 6. d5 d6 7. Bd3 Na6 8. O-O
Nb4 9. Bb1 Nd7 10. a3 Na6 11. e4 Nc7 12. Bg5 a6 13. Bd3 b5 14. Qd2 bxc4 15.
Bxc4 Rb8 16. Rab1 Nb6 17. b3 f5 18. Bh6 fxe4 19. Bxg7 Kxg7 20. Nxe4 Bb7 21.
Rfe1 Bxd5 22. Qg5 Nxc4 23. bxc4 Rxb1 24. Rxb1 Bxe4 25. Re1 Bxf3 0-1

[Event "MCR_KT01"]
[Site "?"]
[Date "2005.??.??"]
[Round "?"]
[White "Martin, Petr"]
[Black "Pycha, Adolf"]
[Result "1-0"]
[WhiteElo "1721"]
[BlackElo "1832"]
[PlyCount "55"]
[EventDate "2005.??.??"]
[EventType "corr"]
[EventRounds "2"]
[SourceDate "2005.03.12"]

1. c4 e5 2. Nf3 e4 3. Nd4 Nc6 4. e3 Nxd4 5. exd4 Qf6 6. d5 Bc5 7. Qe2 Qe7 8.
Nc3 Nf6 9. d3 exd3 10. Qxe7+ Bxe7 11. Bxd3 O-O 12. O-O c6 13. Bf4 Bb4 14. Ne4
Nxe4 15. Bxe4 Re8 16. Bf3 cxd5 17. Bxd5 Re2 18. a3 Bd2 19. Bd6 h6 20. Rad1 Bg5
21. Rfe1 Rxe1+ 22. Rxe1 Bf6 23. Re8+ Kh7 24. b4 Kg6 25. Be4+ Kg5 26. g3 a5 27.
b5 Bd4 28. h4+ 1-0

[Event "MCR_KT01"]
[Site "?"]
[Date "2005.??.??"]
[Round "?"]
[White "Pycha, Adolf"]
[Black "Sindelar, Frantisek"]
[Result "0-1"]
[WhiteElo "1832"]
[BlackElo "1925"]
[PlyCount "68"]
[EventDate "2005.??.??"]
[EventType "corr"]
[EventRounds "2"]
[SourceDate "2005.03.12"]

1. d4 Nf6 2. Bg5 Ne4 3. Bh4 d5 4. Nd2 Bf5 5. Nxe4 Bxe4 6. Nf3 c6 7. e3 Qb6 8.
Nd2 Bg6 9. Nb3 a5 10. a4 Na6 11. c3 e5 12. dxe5 Nc5 13. Nxc5 Qxb2 14. Nb3 Bc2
15. Qd2 Qxb3 16. Be2 Bc5 17. O-O O-O 18. Bd3 Bxd3 19. Qxd3 b6 20. Rfb1 Qc4 21.
Qxc4 dxc4 22. Rd1 Rae8 23. Bg3 Rd8 24. Bh4 Rxd1+ 25. Rxd1 b5 26. axb5 cxb5 27.
Bd8 a4 28. Bc7 f6 29. e6 Ra8 30. Bd6 Bxd6 31. Rxd6 Kf8 32. f4 a3 33. Rd1 b4 34.
cxb4 c3 0-1

[Event "MCR_KT01"]
[Site "?"]
[Date "2005.??.??"]
[Round "?"]
[White "Martin, Petr"]
[Black "Kudr, Roman"]
[Result "0-1"]
[WhiteElo "1721"]
[BlackElo "1987"]
[PlyCount "52"]
[EventDate "2005.??.??"]
[EventType "corr"]
[EventRounds "2"]
[SourceDate "2005.03.12"]

1. c4 Nf6 2. Nc3 e6 3. e4 c5 4. f4 d5 5. cxd5 exd5 6. Bb5+ Bd7 7. e5 Bxb5 8.
exf6 Ba6 9. Qh5 Qxf6 10. Nxd5 Qd6 11. Nf3 Nc6 12. Qf5 Ne7 13. Nxe7 Bxe7 14. a4
Bd3 15. Qe5 O-O-O 16. Kf2 Rhe8 17. Qxd6 Bxd6 18. Ne5 Bxe5 19. fxe5 Rxe5 20. Re1
Rxe1 21. Kxe1 Re8+ 22. Kf2 Re2+ 23. Kf3 Re1 24. a5 Be4+ 25. Kf2 Rh1 26. h3 Rh2
0-1

[Event "MCR_KT01"]
[Site "?"]
[Date "2005.??.??"]
[Round "?"]
[White "Sindelar, Frantisek"]
[Black "Pycha, Adolf"]
[Result "1/2-1/2"]
[WhiteElo "1925"]
[BlackElo "1832"]
[PlyCount "85"]
[EventDate "2005.??.??"]
[EventType "corr"]
[EventRounds "2"]
[SourceDate "2005.03.12"]

1. c4 e5 2. e3 Nf6 3. d4 exd4 4. exd4 Bb4+ 5. Nc3 d5 6. Bg5 O-O 7. cxd5 Re8+ 8.
Nge2 h6 9. Bxf6 Qxf6 10. Qa4 Qe7 11. a3 Bxc3+ 12. bxc3 Nd7 13. c4 Nb6 14. Qb4
Qxb4+ 15. axb4 Nxc4 16. Rc1 Nb6 17. Rc5 Re7 18. Kd2 a5 19. bxa5 Rxa5 20. Rxa5
Nc4+ 21. Kc3 Nxa5 22. Ng3 Rd7 23. Nf5 Kf8 24. Ne3 b6 25. Bb5 Rd8 26. Re1 Nb7
27. Kb4 Nd6 28. Bc6 Bd7 29. Ra1 Bxc6 30. dxc6 Ne4 31. Ra7 Rxd4+ 32. Kb3 Rd3+
33. Kc4 Nxf2 34. Nf5 Rd8 35. Rxc7 Ng4 36. Ne7 Ne5+ 37. Kb5 Rd2 38. Rb7 Rb2+ 39.
Ka6 Ra2+ 40. Kxb6 Rb2+ 41. Kc7 Rxg2 42. Kd6 Nxc6 43. Nxc6 1/2-1/2

[Event "MCR_KT01"]
[Site "?"]
[Date "2005.??.??"]
[Round "?"]
[White "Novak, Jindrich"]
[Black "Kudr, Roman"]
[Result "0-1"]
[WhiteElo "1807"]
[BlackElo "1987"]
[PlyCount "36"]
[EventDate "2005.??.??"]
[EventType "corr"]
[EventRounds "2"]
[SourceDate "2005.03.12"]

1. c3 g6 2. e4 d5 3. Nf3 dxe4 4. Qa4+ Nd7 5. Qxe4 Ngf6 6. Qc2 Bg7 7. d4 O-O 8.
Bd3 c5 9. O-O cxd4 10. cxd4 Nb6 11. Be3 Nbd5 12. Nc3 Nb4 13. Qd2 Nxd3 14. Qxd3
Bf5 15. Qd2 Ne4 16. Nxe4 Bxe4 17. Ne5 Rc8 18. Rac1 Qd5 0-1

[Event "MCR_KT01"]
[Site "?"]
[Date "2005.??.??"]
[Round "?"]
[White "Pycha, Adolf"]
[Black "Martin, Petr"]
[Result "0-1"]
[WhiteElo "1832"]
[BlackElo "1721"]
[PlyCount "80"]
[EventDate "2005.??.??"]
[EventType "corr"]
[EventRounds "2"]
[SourceDate "2005.03.12"]

1. d4 Nf6 2. Bg5 g6 3. Bxf6 exf6 4. e3 Bg7 5. Ne2 O-O 6. Nbc3 d5 7. Nf4 c6 8.
Bd3 f5 9. O-O Nd7 10. Nce2 Nf6 11. c4 g5 12. Nh3 dxc4 13. Bxc4 Ne4 14. Qc2 Qf6
15. Ng3 Re8 16. Nh5 Qh6 17. Nxg7 Kxg7 18. Bd3 Nd6 19. Qc5 Ne4 20. Qc2 Qh4 21.
Rfe1 Bd7 22. f3 g4 23. Nf4 gxf3 24. gxf3 Ng5 25. Qg2 Kh8 26. Kh1 Rg8 27. Qf1
Ne6 28. Qh3 Qxh3 29. Nxh3 Ng5 30. Nxg5 Rxg5 31. Rg1 f6 32. f4 Rg6 33. Bc4 Kg7
34. Raf1 Re8 35. Rf3 c5 36. d5 b5 37. Be2 c4 38. Rfg3 Rc8 39. Rxg6+ hxg6 40.
Rxg6+ Kxg6 0-1

[Event "MCR_KT01"]
[Site "?"]
[Date "2005.??.??"]
[Round "?"]
[White "Kudr, Roman"]
[Black "Martin, Petr"]
[Result "1-0"]
[WhiteElo "1987"]
[BlackElo "1721"]
[PlyCount "71"]
[EventDate "2005.??.??"]
[EventType "corr"]
[EventRounds "2"]
[SourceDate "2005.03.12"]

1. e4 d6 2. d4 Nf6 3. Nc3 g6 4. Be2 Bg7 5. Nf3 O-O 6. O-O c6 7. e5 dxe5 8. Nxe5
Nbd7 9. Bf4 Nxe5 10. Bxe5 Nd5 11. Nxd5 Bxe5 12. dxe5 Qxd5 13. Qxd5 cxd5 14.
Rad1 e6 15. Rd2 Bd7 16. Rfd1 Rfc8 17. f4 Rc7 18. c3 Rac8 19. Kf2 Rc5 20. c4 Ra5
21. cxd5 exd5 22. Rxd5 Rxd5 23. Rxd5 Be6 24. Rd2 Bxa2 25. Ke3 Be6 26. h3 h5 27.
g4 hxg4 28. hxg4 Kf8 29. Ke4 Ke7 30. f5 gxf5+ 31. gxf5 Bb3 32. f6+ Kf8 33. Bg4
Rb8 34. Bf5 Kg8 35. Kf4 b5 36. Rg2+ 1-0

[Event "MCR_KT01"]
[Site "?"]
[Date "2005.??.??"]
[Round "?"]
[White "Sindelar, Frantisek"]
[Black "Lucan, Zdenko"]
[Result "1-0"]
[WhiteElo "1925"]
[BlackElo "1559"]
[PlyCount "65"]
[EventDate "2005.??.??"]
[EventType "corr"]
[EventRounds "2"]
[SourceDate "2005.03.12"]

1. Nf3 Nf6 2. e3 d6 3. d4 c6 4. c4 e6 5. Bd3 Be7 6. O-O O-O 7. Nc3 Nbd7 8. e4
h6 9. h3 Nh7 10. Be3 Bg5 11. Nxg5 Nxg5 12. f4 Nh7 13. e5 dxe5 14. fxe5 f5 15.
Bc2 b6 16. Qf3 Bb7 17. Rad1 Ng5 18. Qg3 Qe7 19. d5 exd5 20. cxd5 cxd5 21. Nxd5
Bxd5 22. Bxg5 Qxg5 23. Qxg5 hxg5 24. Rxd5 Nc5 25. Bxf5 Na6 26. Be6+ Kh8 27. Bf7
Nc7 28. Rd7 Ne8 29. Rf5 Kh7 30. Bg6+ Kxg6 31. Rxf8 Nc7 32. Rxa8 Nxa8 33. Rxa7
1-0

[Event "MCR_KT01"]
[Site "?"]
[Date "2005.??.??"]
[Round "?"]
[White "Lucan, Zdenko"]
[Black "Sindelar, Frantisek"]
[Result "0-1"]
[WhiteElo "1559"]
[BlackElo "1925"]
[PlyCount "50"]
[EventDate "2005.??.??"]
[EventType "corr"]
[EventRounds "2"]
[SourceDate "2005.03.12"]

1. d4 Nf6 2. c4 g6 3. Nc3 d6 4. Bg5 Bg7 5. Nf3 h6 6. Bd2 c5 7. d5 Bg4 8. e4
Nbd7 9. Be2 Qb6 10. Rb1 O-O 11. O-O e6 12. dxe6 fxe6 13. h3 Bxf3 14. Bxf3 Ne5
15. Be2 Nc6 16. Qc1 Kh7 17. Be3 Nd4 18. Bxd4 cxd4 19. Na4 Qc6 20. b3 Nxe4 21.
Bf3 Rxf3 22. gxf3 Ng5 23. Qd1 Rf8 24. Kg2 Nxf3 25. Kg3 Be5+ 0-1

[Event "MCR_KT01"]
[Site "?"]
[Date "2005.??.??"]
[Round "?"]
[White "Novak, Jindrich"]
[Black "Martin, Petr"]
[Result "0-1"]
[WhiteElo "1807"]
[BlackElo "1721"]
[PlyCount "70"]
[EventDate "2005.??.??"]
[EventType "corr"]
[EventRounds "2"]
[SourceDate "2005.03.12"]

1. c4 Nf6 2. f4 d5 3. cxd5 Nxd5 4. e4 Nxf4 5. d4 Ng6 6. Nf3 e6 7. Nc3 c6 8. h4
h5 9. Be2 Be7 10. g3 Nd7 11. Ng5 e5 12. Ne6 fxe6 13. Bxh5 Ndf8 14. Qg4 exd4 15.
Bxg6+ Nxg6 16. Qxg6+ Kd7 17. Qxg7 c5 18. Bf4 Rg8 19. Qe5 Kc6 20. O-O-O Bf6 21.
Qh5 Rh8 22. Qe2 Qa5 23. e5 Be7 24. Qe4+ Kb6 25. Nb1 Qxa2 26. Na3 Bd7 27. Qg6
Ba4 28. Qg7 Rhe8 29. Bg5 Qa1+ 30. Nb1 c4 31. Bxe7 c3 32. Ba3 c2 33. Kd2 cxd1=Q+
34. Rxd1 Bxd1 35. Qd7 Rad8 0-1

[Event "MCR_KT01"]
[Site "?"]
[Date "2005.??.??"]
[Round "?"]
[White "Kudr, Roman"]
[Black "Lucan, Zdenko"]
[Result "1-0"]
[WhiteElo "1987"]
[BlackElo "1559"]
[PlyCount "53"]
[EventDate "2005.??.??"]
[EventType "corr"]
[EventRounds "2"]
[SourceDate "2005.03.12"]

1. e4 c6 2. d4 d5 3. e5 Bf5 4. Nf3 e6 5. Be2 c5 6. O-O c4 7. b3 b5 8. a4 bxa4
9. bxc4 Ne7 10. cxd5 Nxd5 11. c4 Nc7 12. Nc3 Be7 13. d5 exd5 14. cxd5 Bc5 15.
Qxa4+ Bd7 16. Qe4 O-O 17. Ng5 g6 18. Qc4 Be7 19. d6 Be6 20. dxc7 Bxc4 21.
cxd8=Q Rxd8 22. Bxc4 Bxg5 23. Bxg5 Rc8 24. Bd5 Nc6 25. Bxc6 Rxc6 26. Nd5 Rc5
27. Rfd1 1-0

[Event "MCR_KT01"]
[Site "?"]
[Date "2005.??.??"]
[Round "?"]
[White "Lucan, Zdenko"]
[Black "Kudr, Roman"]
[Result "0-1"]
[WhiteElo "1559"]
[BlackElo "1987"]
[PlyCount "54"]
[EventDate "2005.??.??"]
[EventType "corr"]
[EventRounds "2"]
[SourceDate "2005.03.12"]

1. Nf3 Nf6 2. g3 g6 3. Bg2 Bg7 4. O-O O-O 5. b3 c5 6. Bb2 d5 7. d3 Nc6 8. c3 e5
9. e3 Re8 10. h3 Qe7 11. Nbd2 Bf5 12. Qe2 e4 13. dxe4 dxe4 14. Ne1 Nd5 15. Rc1
Ncb4 16. Nb1 Nxa2 17. Rc2 Rad8 18. g4 Bd7 19. Ba1 Nab4 20. cxb4 Bxa1 21. Ra2
Bg7 22. bxc5 a6 23. Rc2 Bb5 24. Rc4 Qxc5 25. Rxc5 Bxe2 26. Nd2 b6 27. Rc2 Nb4
0-1

[Event "MCR_KT01"]
[Site "?"]
[Date "2005.??.??"]
[Round "?"]
[White "Kudr, Roman"]
[Black "Sindelar, Frantisek"]
[Result "1/2-1/2"]
[WhiteElo "1987"]
[BlackElo "1925"]
[PlyCount "56"]
[EventDate "2005.??.??"]
[EventType "corr"]
[EventRounds "2"]
[SourceDate "2005.03.12"]

1. e4 e6 2. d4 d5 3. Nd2 c5 4. Ngf3 cxd4 5. Nxd4 Qb6 6. N4b3 Nf6 7. exd5 Nxd5
8. c3 Be7 9. Nc4 Qc7 10. Bd3 Nc6 11. O-O O-O 12. Qc2 f5 13. Re1 Rd8 14. Ne3 Nf4
15. Bb5 Bd6 16. g3 Ng6 17. Nc4 Be7 18. Qe2 Bf6 19. Be3 e5 20. Rad1 Be6 21. Bc5
Kh8 22. Bd6 Bxc4 23. Bxc7 Bxe2 24. Bxe2 Rxd1 25. Rxd1 Rc8 26. Rd7 Nf8 27. Rf7
Ng6 28. Bd6 Be7 1/2-1/2

[Event "MCR_KT01"]
[Site "?"]
[Date "2005.??.??"]
[Round "?"]
[White "Pycha, Adolf"]
[Black "Kudr, Roman"]
[Result "0-1"]
[WhiteElo "1832"]
[BlackElo "1987"]
[PlyCount "80"]
[EventDate "2005.??.??"]
[EventType "corr"]
[EventRounds "2"]
[SourceDate "2005.03.12"]

1. d4 d5 2. c4 e6 3. Nf3 Nf6 4. Bg5 Be7 5. e3 O-O 6. Nc3 h6 7. Bh4 b6 8. Bd3
Bb7 9. O-O Nbd7 10. cxd5 Nxd5 11. Bxe7 Qxe7 12. Nxd5 Bxd5 13. e4 Bb7 14. Rc1 c5
15. Re1 Rac8 16. Bb5 cxd4 17. Rxc8 Rxc8 18. Qxd4 Nf6 19. e5 Nh7 20. Qf4 Bxf3
21. Qxf3 Qb4 22. Qe2 Rc2 23. Qxc2 Qxe1+ 24. Bf1 Qxe5 25. b3 Nf8 26. g3 a5 27.
Qc6 Qb2 28. Qxb6 Qxa2 29. Qe3 Qa3 30. Bd3 Qd6 31. Be4 Nd7 32. Qc3 Qc5 33. Qd3
Nf6 34. Qd8+ Qf8 35. Qxf8+ Kxf8 36. Bd3 Ke7 37. Kg2 Kd6 38. Kf3 Kc5 39. Kf4 Kd4
40. Bb5 Ne4 0-1

[Event "MCR_KT01"]
[Site "?"]
[Date "2005.??.??"]
[Round "?"]
[White "Kudr, Roman"]
[Black "Pycha, Adolf"]
[Result "1-0"]
[WhiteElo "1987"]
[BlackElo "1832"]
[PlyCount "71"]
[EventDate "2005.??.??"]
[EventType "corr"]
[EventRounds "2"]
[SourceDate "2005.03.12"]

1. e4 e5 2. Nf3 Nc6 3. Bb5 a6 4. Ba4 d6 5. Bxc6+ bxc6 6. d4 f6 7. O-O Bg4 8. c3
Ne7 9. h3 Be6 10. Be3 Ng6 11. Nbd2 Be7 12. Qc2 O-O 13. c4 Rb8 14. Rad1 Qc8 15.
Qc3 Qb7 16. b3 Rfe8 17. c5 Qb4 18. Qb2 d5 19. Rfe1 exd4 20. Nxd4 Bd7 21. Nc2
Qb7 22. Qc3 Bf8 23. Bd4 Qb5 24. a4 Qb7 25. b4 Be6 26. Nb3 Qc8 27. f3 dxe4 28.
fxe4 Bxb3 29. Qxb3+ Qe6 30. Qxe6+ Rxe6 31. Bf2 Ne5 32. a5 Ree8 33. Kf1 Be7 34.
Bg3 Rf8 35. Ke2 Rfd8 36. Rxd8+ 1-0

[Event "MCR_KT01"]
[Site "?"]
[Date "2005.??.??"]
[Round "?"]
[White "Sindelar, Frantisek"]
[Black "Kudr, Roman"]
[Result "1/2-1/2"]
[WhiteElo "1925"]
[BlackElo "1987"]
[PlyCount "57"]
[EventDate "2005.??.??"]
[EventType "corr"]
[EventRounds "2"]
[SourceDate "2005.03.12"]

1. c4 g6 2. g3 Bg7 3. Bg2 Nf6 4. d4 d6 5. Nc3 Nbd7 6. Nf3 O-O 7. O-O e5 8. dxe5
dxe5 9. Qd2 Qe7 10. Rd1 Nb6 11. b3 e4 12. Nd4 c5 13. Ba3 e3 14. Qxe3 Qxe3 15.
fxe3 cxd4 16. Bxf8 dxc3 17. Bxg7 Kxg7 18. Rac1 Nbd7 19. Rxc3 Nc5 20. b4 Nce4
21. Ra3 Bf5 22. Rd4 h5 23. Kf1 a6 24. Ke1 Re8 25. c5 Ng4 26. h3 Ngf2 27. h4 Ng4
28. Bf3 Ngf6 29. c6 1/2-1/2

[Event "MCR_KT01"]
[Site "?"]
[Date "2005.??.??"]
[Round "?"]
[White "Lucan, Zdenko"]
[Black "Pycha, Adolf"]
[Result "0-1"]
[WhiteElo "1559"]
[BlackElo "1832"]
[PlyCount "48"]
[EventDate "2005.??.??"]
[EventType "corr"]
[EventRounds "2"]
[SourceDate "2005.03.12"]

1. c4 e5 2. Nf3 e4 3. Nd4 Nc6 4. Nxc6 dxc6 5. e3 Nf6 6. Be2 Bb4 7. Nc3 O-O 8.
a3 Bd6 9. d3 exd3 10. Qxd3 Bg4 11. f3 Be6 12. O-O Be5 13. Qxd8 Raxd8 14. f4
Bxc3 15. bxc3 Ne4 16. Bb2 Rd2 17. Bf3 Bxc4 18. Bc1 Bxf1 19. Bxe4 Rd1 20. Bc2
Re1 21. Rb1 Ba6+ 22. Kf2 Re2+ 23. Kf3 Rxc2 24. Bb2 f5 0-1

[Event "MCR_KT01"]
[Site "?"]
[Date "2005.??.??"]
[Round "?"]
[White "Novak, Jindrich"]
[Black "Pycha, Adolf"]
[Result "0-1"]
[WhiteElo "1807"]
[BlackElo "1832"]
[PlyCount "35"]
[EventDate "2005.??.??"]
[EventType "corr"]
[EventRounds "2"]
[SourceDate "2005.03.12"]

1. c4 Nf6 2. f4 e6 3. Nf3 Nc6 4. Nc3 Bb4 5. d4 O-O 6. Bd2 Bxc3 7. Bxc3 d6 8. e3
Ne4 9. Bd3 Nxc3 10. bxc3 b6 11. Bxh7+ Kxh7 12. Ng5+ Kh6 13. Qd3 g6 14. h4 Kg7
15. h5 Rh8 16. O-O-O gxh5 17. g4 f6 18. gxh5 0-1

[Event "MCR_KT01"]
[Site "?"]
[Date "2005.??.??"]
[Round "?"]
[White "Lucan, Zdenko"]
[Black "Martin, Petr"]
[Result "0-1"]
[WhiteElo "1559"]
[BlackElo "1721"]
[PlyCount "70"]
[EventDate "2005.??.??"]
[EventType "corr"]
[EventRounds "2"]
[SourceDate "2005.03.12"]

1. b3 Nf6 2. Bb2 d6 3. Bxf6 gxf6 4. Nc3 Bg7 5. g3 f5 6. Bg2 c6 7. Nf3 e5 8. e3
Be6 9. Rb1 O-O 10. O-O Nd7 11. Ne2 d5 12. d3 e4 13. dxe4 fxe4 14. Nfd4 Bg4 15.
f3 exf3 16. Bxf3 Nf6 17. Bxg4 Nxg4 18. Rf3 Qg5 19. Qd2 Rae8 20. h4 Qe5 21. Nf5
c5 22. Nxg7 Kxg7 23. Re1 Nxe3 24. c3 Qe4 25. Rf2 Re6 26. Nf4 d4 27. Nxe6+ fxe6
28. Rxf8 Kxf8 29. Qf2+ Ke7 30. c4 Kd6 31. Re2 Ke5 32. Qf8 Qb1+ 33. Kh2 Ke4 34.
Qh6 Kf3 35. Qh5+ Ng4+ 0-1

[Event "MCR_KT01"]
[Site "?"]
[Date "2005.??.??"]
[Round "?"]
[White "Martin, Petr"]
[Black "Lucan, Zdenko"]
[Result "1-0"]
[WhiteElo "1721"]
[BlackElo "1559"]
[PlyCount "59"]
[EventDate "2005.??.??"]
[EventType "corr"]
[EventRounds "2"]
[SourceDate "2005.03.12"]

1. c4 c5 2. Nc3 Nc6 3. Nf3 Nf6 4. e3 e6 5. d4 b6 6. d5 exd5 7. cxd5 Nb8 8. d6
Ba6 9. e4 Bxf1 10. Rxf1 Nc6 11. Nb5 Qc8 12. Ng5 h6 13. Nc7+ Qxc7 14. dxc7 hxg5
15. f3 Rc8 16. h3 Rxc7 17. Bxg5 Nh7 18. Bf4 Rb7 19. Rf2 Nd8 20. Qd3 Ne6 21. Qd5
Nxf4 22. Qxb7 Nd3+ 23. Ke2 Nxf2 24. Qb8+ Ke7 25. Kxf2 Ng5 26. Rd1 Rh6 27. Qc7
Kf6 28. Qf4+ Ke7 29. Qxg5+ Rf6 30. e5 1-0

[Event "MCR_KT01"]
[Site "?"]
[Date "2005.??.??"]
[Round "?"]
[White "Novak, Jindrich"]
[Black "Lucan, Zdenko"]
[Result "1-0"]
[WhiteElo "1807"]
[BlackElo "1559"]
[PlyCount "73"]
[EventDate "2005.??.??"]
[EventType "corr"]
[EventRounds "2"]
[SourceDate "2005.03.12"]

1. c3 Nf6 2. Qa4 g6 3. e4 c6 4. Nf3 d6 5. Be2 a6 6. O-O Bg7 7. Qc2 e5 8. d4
exd4 9. cxd4 O-O 10. Nc3 Bg4 11. h3 Bxf3 12. Bxf3 Nbd7 13. Bg5 h6 14. Bh4 g5
15. Bg3 Qe7 16. Rfe1 Nh7 17. Rad1 b5 18. e5 dxe5 19. Bxc6 Rad8 20. Nd5 Qd6 21.
Bxd7 Qxd5 22. Bf5 Nf6 23. dxe5 Qc4 24. Qxc4 bxc4 25. exf6 Bxf6 26. b3 c3 27.
Kf1 Rd2 28. Rxd2 cxd2 29. Rd1 Rd8 30. f3 Bc3 31. Bf2 Rd5 32. g4 Kg7 33. Ke2 Kf6
34. Be4 Rd7 35. Be3 Ke5 36. Bxd2 Rxd2+ 37. Rxd2 1-0

[Event "MCR_KT01"]
[Site "?"]
[Date "2005.??.??"]
[Round "?"]
[White "Lucan, Zdenko"]
[Black "Novak, Jindrich"]
[Result "0-1"]
[WhiteElo "1559"]
[BlackElo "1807"]
[PlyCount "56"]
[EventDate "2005.??.??"]
[EventType "corr"]
[EventRounds "2"]
[SourceDate "2005.03.12"]

1. f4 b6 2. Nf3 f5 3. g3 Nf6 4. Bg2 Bb7 5. d3 g6 6. b3 Bg7 7. Bb2 O-O 8. h3 d6
9. O-O Nbd7 10. Nbd2 e5 11. fxe5 Nxe5 12. Nxe5 Bxg2 13. Kxg2 dxe5 14. Bxe5 Nd5
15. Nc4 Bxe5 16. d4 Nc3 17. Qd3 Qxd4 18. Nxe5 Qxe5 19. Qc4+ Rf7 20. Rf2 Qe4+
21. Qxe4 fxe4 22. Rxf7 Kxf7 23. e3 Rd8 24. g4 Rd1 25. Rxd1 Nxd1 26. Kg3 g5 27.
h4 h6 28. hxg5 hxg5 0-1

[Event "MCR_KT01"]
[Site "?"]
[Date "2005.??.??"]
[Round "?"]
[White "Pycha, Adolf"]
[Black "Lucan, Zdenko"]
[Result "0-1"]
[WhiteElo "1832"]
[BlackElo "1559"]
[PlyCount "78"]
[EventDate "2005.??.??"]
[EventType "corr"]
[EventRounds "2"]
[SourceDate "2005.03.12"]

1. d4 Nf6 2. Bg5 Ne4 3. Bh4 g6 4. Nd2 Nxd2 5. Qxd2 Bg7 6. Nf3 d5 7. O-O-O Bg4
8. e3 Nd7 9. Qb4 Bxf3 10. gxf3 Nb6 11. Rg1 f6 12. Bh3 O-O 13. Be6+ Kh8 14. Bg3
a6 15. h4 h5 16. Qc3 c6 17. Qd3 f5 18. Be5 Bxe5 19. dxe5 Nd7 20. Bxd7 Qxd7 21.
Rxg6 e6 22. Rh6+ Kg7 23. Rxh5 Rh8 24. Rg5+ Kh6 25. f4 Rag8 26. Qe2 Rxg5 27.
fxg5+ Kg6 28. Rh1 Rh5 29. f4 Qh7 30. Qf2 b5 31. Qg3 c5 32. Rh2 a5 33. Kb1 Qd7
34. c3 c4 35. Qf3 Qh7 36. Qg3 Qb7 37. Qf3 Qh7 38. Qf2 Qb7 39. Kc1 b4 0-1